[Event "Deutsche Ländermeisterschaft 2013"]
[Site "Hannover GER"]
[Date "2013.10.03"]
[Round "3"]
[White "Carow, Johannes"]
[Black "Neef, Maximilian"]
[Result "1/2-1/2"]
[Termination "normal"]
[Board "1.1"]
[WhiteTitle "18"]
[BlackTitle "18"]
[WhiteElo "2355"]
[BlackElo "2252"]
[WhiteTeam "Rheinland-Pfalz"]
[BlackTeam "Sachsen"]
[WhiteFideId "24692050"]
[BlackFideId "24692085"]
[EventCountry "GER"]
[EventRounds "7"]
[EventType "team-swiss"]
[EventDate "2013.10.02"]

1. d4 Nf6 2. c4 g6 3. Nc3 Bg7 4. e4 d6 5. f3 O-O 6. Be3 a6 7. Bd3 Nbd7 8. Nge2
c5 9. O-O b6 10. Qd2 e6 11. Rad1 Qc7 12. dxc5 bxc5 13. Bc2 Ne5 14. b3 Ne8 15.
h3 Bb7 16. a3 Rd8 17. Bh6 Nc6 18. Bxg7 Nxg7 19. Rb1 Rb8 20. Rfd1 Rfd8 21. Qe3
1/2-1/2

[Event "Deutsche Ländermeisterschaft 2013"]
[Site "Hannover GER"]
[Date "2013.10.03"]
[Round "3"]
[White "Möhn, Hans"]
[Black "Yankelevich, Lev"]
[Result "0-1"]
[Termination "normal"]
[Board "1.2"]
[WhiteTitle "18"]
[BlackTitle "16"]
[WhiteElo "2184"]
[BlackElo "2197"]
[WhiteTeam "Sachsen"]
[BlackTeam "Rheinland-Pfalz"]
[WhiteFideId "24647837"]
[BlackFideId "24684074"]
[EventCountry "GER"]
[EventRounds "7"]
[EventType "team-swiss"]
[EventDate "2013.10.02"]

1. e4 c5 2. Nf3 d6 3. d4 cxd4 4. Nxd4 Nf6 5. Nc3 e5 6. Nb3 Be7 7. h3 Be6 8. f4
O-O 9. f5 Bd7 10. Be2 Bc6 11. Bf3 b5 12. Qd3 a5 13. Be3 b4 14. Nd5 Nxd5 15.
exd5 Bh4+ 16. Kf1 Bb7 17. Kg1 Nd7 18. Kh2 Ba6 19. Qd2 a4 20. Nc1 e4 21. Bxe4
Re8 22. Bd3 Bb7 23. Bf4 Qa5 24. Ne2 Qxd5 25. Ng3 Bf6 26. Rab1 Be5 27. Rhf1 Nf6
28. b3 axb3 29. axb3 h5 30. Rf2 Bd4 31. Re2 h4 32. Nf1 Nh5 33. Be3 Ng3 34. Nxg3
hxg3+ 35. Kxg3 Bc3 36. Qc1 Re7 37. Qf1 Rae8 38. Bf4 Rxe2 39. Bxe2 Qxf5 40. Bd3
Qh5 41. Qd1 Qd5 42. Bf1 Qe4 43. h4 Re6 44. Qd3 Be1+ 45. Rxe1 Qxe1+ 46. Kh3 Be4
47. Qe2 Bf5+ 0-1

[Event "Deutsche Ländermeisterschaft 2013"]
[Site "Hannover GER"]
[Date "2013.10.03"]
[Round "3"]
[White "Stahnecker, Ludwig"]
[Black "Richter, Leonard"]
[Result "0-1"]
[Termination "normal"]
[Board "1.3"]
[WhiteTitle "18"]
[BlackTitle "16"]
[WhiteElo "2141"]
[BlackElo "2020"]
[WhiteTeam "Rheinland-Pfalz"]
[BlackTeam "Sachsen"]
[WhiteFideId "24692026"]
[BlackFideId "12900290"]
[EventCountry "GER"]
[EventRounds "7"]
[EventType "team-swiss"]
[EventDate "2013.10.02"]

1. e4 c5 2. Nf3 d6 3. d4 cxd4 4. Nxd4 Nf6 5. Nc3 a6 6. Bc4 e6 7. a4 Nc6 8. Be3
Be7 9. O-O O-O 10. Kh1 Bd7 11. Qe2 Qc7 12. Rad1 Rac8 13. Ba2 Nb4 14. Bb3 d5 15.
Bg5 dxe4 16. Nxe4 Nbd5 17. Nxf6+ Bxf6 18. Bxf6 Nxf6 19. f4 Qa5 20. Qf3 Bc6 21.
Nxc6 Rxc6 22. Rfe1 g6 23. Re5 Qc7 24. Re3 Nd7 25. c3 Rb6 26. c4 Nc5 27. Rd4 Rb4
28. h4 Nxa4 29. Bxa4 Rxa4 30. b3 Ra1+ 31. Kh2 Qe7 32. g3 Rd8 33. Red3 Ra2+ 34.
Kh3 Rxd4 35. Rxd4 h5 36. g4 Qf6 37. Re4 Qb2 38. Qg3 hxg4+ 39. Kxg4 f5+ 40. Kh3
fxe4 41. Qxg6+ Kf8 0-1

[Event "Deutsche Ländermeisterschaft 2013"]
[Site "Hannover GER"]
[Date "2013.10.03"]
[Round "3"]
[White "Urban, Konstantin"]
[Black "Perske, Thore"]
[Result "0-1"]
[Termination "normal"]
[Board "1.4"]
[WhiteTitle "14"]
[BlackTitle "14"]
[WhiteElo "1842"]
[BlackElo "2150"]
[WhiteTeam "Sachsen"]
[BlackTeam "Rheinland-Pfalz"]
[WhiteFideId "12927511"]
[BlackFideId "12902195"]
[EventCountry "GER"]
[EventRounds "7"]
[EventType "team-swiss"]
[EventDate "2013.10.02"]

1. e4 e6 2. d4 d5 3. Nd2 Be7 4. Ngf3 Nf6 5. e5 Nfd7 6. Bd3 c5 7. c3 Nc6 8. b3
a5 9. a4 Qb6 10. Bb2 cxd4 11. cxd4 Ndb8 12. O-O Bd7 13. Re1 Na6 14. Nf1 Rc8 15.
Rc1 O-O 16. Ng3 Ncb8 17. h4 Bxa4 18. bxa4 Qxb2 19. Rb1 Qc3 20. Rxb7 Rc7 21. Rb3
Qc6 22. Ng5 h6 23. Nh7 Rfc8 24. Qg4 Kh8 25. Nh5 Rg8 26. Qf4 Qxa4 27. Rb6 Nb4
28. Rxb4 Qxb4 29. Re3 Bc5 30. N7f6 Qxd4 31. Qxd4 Bxd4 32. Nxg8 Bxe3 33. fxe3
Kxg8 0-1

[Event "Deutsche Ländermeisterschaft 2013"]
[Site "Hannover GER"]
[Date "2013.10.03"]
[Round "3"]
[White "Carow, Annelen"]
[Black "Gungl, Theo"]
[Result "1-0"]
[Termination "normal"]
[Board "1.5"]
[WhiteTitle "20w"]
[BlackTitle "12"]
[WhiteElo "1997"]
[BlackElo "1948"]
[WhiteTeam "Rheinland-Pfalz"]
[BlackTeam "Sachsen"]
[WhiteFideId "24692492"]
[BlackFideId "24695653"]
[EventCountry "GER"]
[EventRounds "7"]
[EventType "team-swiss"]
[EventDate "2013.10.02"]

1. d4 d5 2. c4 c6 3. e3 Nf6 4. Nf3 e6 5. Nbd2 Nbd7 6. Bd3 Bd6 7. O-O O-O 8. e4
e5 9. cxd5 cxd5 10. exd5 exd4 11. Ne4 Ne5 12. Nxd6 Nxd3 13. Nxc8 Nb4 14. Nxa7
Qxd5 15. Qa4 Qc5 16. Qb5 Rfc8 17. Bd2 Na6 18. Qxc5 Rxc5 19. b4 Rc2 20. Nb5 Ne4
21. Nbxd4 Rc4 22. Be3 Nxb4 23. Rfc1 Nc3 24. Kf1 Nbxa2 25. Nb5 Rac8 26. Nd6 Nxc1
27. Rxc1 b5 28. Nxc8 Rxc8 29. Nd4 b4 30. Nb5 h6 31. Nxc3 bxc3 32. Bd4 c2 33.
Ke2 Rd8 34. Kd3 Rd7 35. Rxc2 Kh7 36. Ke4 Re7+ 37. Kd3 Rd7 38. Rc5 Rb7 39. Ra5
Kg8 40. Ra8+ Kh7 41. Ra7 Rb3+ 42. Kc4 1-0

[Event "Deutsche Ländermeisterschaft 2013"]
[Site "Hannover GER"]
[Date "2013.10.03"]
[Round "3"]
[White "Kempe, Anne"]
[Black "Schwarz, Larissa"]
[Result "1-0"]
[Termination "normal"]
[Board "1.6"]
[WhiteTitle "14w"]
[BlackTitle "16w"]
[WhiteElo "1790"]
[BlackElo "1930"]
[WhiteTeam "Sachsen"]
[BlackTeam "Rheinland-Pfalz"]
[WhiteFideId "12918083"]
[BlackFideId "24699004"]
[EventCountry "GER"]
[EventRounds "7"]
[EventType "team-swiss"]
[EventDate "2013.10.02"]

1. e4 c5 2. Nf3 e6 3. d4 cxd4 4. Nxd4 a6 5. Nc3 Nc6 6. Nxc6 bxc6 7. Bd3 d5 8.
O-O Nf6 9. e5 Nd7 10. f4 Be7 11. Ne2 O-O 12. c3 Rb8 13. Kh1 c5 14. Ng3 g6 15.
Qe2 c4 16. Bc2 Bb7 17. f5 exf5 18. Nxf5 Nc5 19. Bh6 Ne6 20. Nxe7+ Qxe7 21. Bxf8
Nxf8 22. Ba4 Bc8 23. Rad1 Bf5 24. Rxf5 gxf5 25. Rxd5 Ng6 26. Ra5 Qe6 27. b4 Rd8
28. Bc2 Nf4 29. Qf2 Nd3 30. Qe3 f4 31. Qf3 Ne1 32. Bxh7+ Kxh7 33. Qe4+ Kg7 34.
Qxe1 Qg4 35. h3 Rd1 36. hxg4 Rxe1+ 37. Kh2 Re3 38. Rxa6 Rxc3 39. Rf6 Ra3 40.
Rxf4 Rxa2 41. Rxc4 Rb2 42. Kg3 Kg6 43. Rf4 Re2 44. Rf6+ Kg7 45. Kf4 Rxg2 46. b5
Rb2 47. b6 Rb4+ 48. Kf5 Rb5 49. Rc6 Rb4 50. e6 Rb5+ 51. Ke4 1-0

[Event "Deutsche Ländermeisterschaft 2013"]
[Site "Hannover GER"]
[Date "2013.10.03"]
[Round "3"]
[White "Muckle, Julius"]
[Black "Moses, Selina"]
[Result "1-0"]
[Termination "normal"]
[Board "1.7"]
[WhiteTitle "12"]
[BlackTitle "14w"]
[WhiteElo "1829"]
[BlackElo "1748"]
[WhiteTeam "Rheinland-Pfalz"]
[BlackTeam "Sachsen"]
[WhiteFideId "12942430"]
[BlackFideId "12908070"]
[EventCountry "GER"]
[EventRounds "7"]
[EventType "team-swiss"]
[EventDate "2013.10.02"]

1. d4 d5 2. c4 c6 3. Nc3 Nf6 4. e3 e6 5. Nf3 Nbd7 6. Qc2 Be7 7. b3 O-O 8. Bb2
c5 9. Be2 b6 10. O-O Bb7 11. Rfd1 Qc7 12. Rac1 dxc4 13. bxc4 Ng4 14. d5 exd5
15. cxd5 Bd6 16. h3 Nge5 17. Nb5 Qb8 18. Qf5 Nxf3+ 19. Bxf3 Bc8 20. Nxd6 Qxd6
21. e4 f6 22. Qh5 Ne5 23. Bg4 g6 24. Qh4 f5 25. exf5 Bxf5 26. Qg3 Nf7 27. Qc3
Ne5 28. Qxe5 Qxe5 29. Bxe5 Bxg4 30. hxg4 Rfd8 31. d6 Rd7 32. Re1 Rc8 33. Bg3
Kf7 34. Re4 Re8 35. Rxe8 Kxe8 36. Re1+ Kf7 37. Kf1 b5 38. Ke2 c4 39. Ke3 b4 40.
Kd4 c3 41. Kc5 a5 42. Kc6 Rd8 43. Kc7 Ra8 44. d7 1-0

[Event "Deutsche Ländermeisterschaft 2013"]
[Site "Hannover GER"]
[Date "2013.10.03"]
[Round "3"]
[White "Bui, Ngoc Han Julia"]
[Black "Sanati, Charlotte"]
[Result "0-1"]
[Termination "normal"]
[Board "1.8"]
[WhiteTitle "12w"]
[BlackTitle "12w"]
[WhiteElo "1386"]
[BlackElo "1704"]
[WhiteTeam "Sachsen"]
[BlackTeam "Rheinland-Pfalz"]
[WhiteFideId "12977055"]
[BlackFideId "12907707"]
[EventCountry "GER"]
[EventRounds "7"]
[EventType "team-swiss"]
[EventDate "2013.10.02"]

1. e4 c5 2. Nf3 d6 3. d4 cxd4 4. Nxd4 Nf6 5. f3 e5 6. Nb5 a6 7. N5c3 Be6 8. Nd5
Nxd5 9. exd5 Bf5 10. Nc3 Nd7 11. Be3 Be7 12. Qd2 Rc8 13. O-O-O b5 14. g4 Bg6
15. Kb1 Qa5 16. Bd3 Nc5 17. Bxg6 hxg6 18. Qe1 Qc7 19. Bxc5 Qxc5 20. Qd2 b4 21.
Ne2 Bg5 22. Qd3 a5 23. Nc1 a4 24. h3 a3 25. Qb3 Bxc1 26. Rxc1 axb2 27. Rce1 Qf2
28. Qxb4 Qxc2# 0-1

[Event "Deutsche Ländermeisterschaft 2013"]
[Site "Hannover GER"]
[Date "2013.10.03"]
[Round "3"]
[White "Koop, Thorben"]
[Black "Mons, Leon"]
[Result "0-1"]
[Termination "normal"]
[Board "2.1"]
[WhiteTitle "16"]
[BlackTitle "18"]
[WhiteElo "2223"]
[BlackElo "2439"]
[WhiteTeam "Niedersachsen 1"]
[BlackTeam "Bayern"]
[WhiteFideId "24661619"]
[BlackFideId "4614950"]
[EventCountry "GER"]
[EventRounds "7"]
[EventType "team-swiss"]
[EventDate "2013.10.02"]

1. e4 e5 2. Nf3 Nc6 3. Nc3 g6 4. d4 exd4 5. Nxd4 Bg7 6. Nxc6 bxc6 7. Bc4 d6 8.
O-O Ne7 9. Be3 O-O 10. Qd2 Be6 11. Bxe6 fxe6 12. Rad1 Qb8 13. Na4 Nc8 14. Bd4
Nb6 15. Nxb6 axb6 16. Bxg7 Kxg7 17. f4 Qe8 18. a3 Qd7 19. Qe3 c5 20. Rde1 Rae8
21. Qd3 Rf7 22. Rf3 Ref8 23. Ref1 Qa4 24. c4 Qd7 25. Qc3+ Kg8 26. g3 Qe7 27.
Kg2 Qf6 28. Qxf6 Rxf6 29. h4 h5 30. Kf2 Kf7 31. Ke3 Ke7 32. R3f2 Ra8 33. Rd1
Ra4 34. Rc2 Rf8 35. Rg1 Rh8 36. Kd3 c6 37. Re2 b5 38. cxb5 cxb5 39. Ke3 b4 40.
axb4 Rxb4 41. Ra1 Rb3+ 42. Kf2 Rhb8 43. Ra2 Kd7 44. Ra7+ R8b7 45. Rxb7+ Rxb7
46. e5 d5 47. Ke1 Kc6 48. g4 Rf7 49. f5 gxf5 50. g5 d4 51. Kf2 Kd5 52. Kf3 Ra7
53. b3 Ra3 54. Kf4 Ra1 55. Rg2 Rf1+ 0-1

[Event "Deutsche Ländermeisterschaft 2013"]
[Site "Hannover GER"]
[Date "2013.10.03"]
[Round "3"]
[White "Berchtenbreiter, Maximilian"]
[Black "Tennert, Simon"]
[Result "1-0"]
[Termination "normal"]
[Board "2.2"]
[WhiteTitle "20"]
[BlackTitle "16"]
[WhiteElo "2405"]
[BlackElo "2163"]
[WhiteTeam "Bayern"]
[BlackTeam "Niedersachsen 1"]
[WhiteFideId "24641120"]
[BlackFideId "1270445"]
[EventCountry "GER"]
[EventRounds "7"]
[EventType "team-swiss"]
[EventDate "2013.10.02"]

1. e4 e5 2. Nf3 Nc6 3. Bc4 Nf6 4. d3 Be7 5. c3 d6 6. Bb3 O-O 7. Nbd2 Na5 8. Bc2
Re8 9. h3 Bf8 10. Qe2 g6 11. Nf1 Bg7 12. Bg5 h6 13. Bd2 d5 14. Ne3 Nc6 15. Ng4
Kh7 16. Nxf6+ Bxf6 17. h4 d4 18. Bb3 Kg7 19. Nh2 Qd7 20. Qf3 Rh8 21. h5 g5 22.
Ba4 Rd8 23. c4 Qe6 24. b4 Ne7 25. O-O c5 26. Qg3 Kh8 27. bxc5 Nc6 28. f3 Qe7
29. Rab1 Bg7 30. Ng4 f6 31. Rb3 Qxc5 32. Rfb1 Qe7 33. Qe1 Qf7 34. Nf2 Qxh5 35.
Nh1 Qf7 36. Ng3 Ne7 37. Bb4 Ng6 38. Nf5 Be6 39. g3 Rd7 40. Bxd7 Qxd7 41. Bd2 b6
42. Rb5 Rc8 43. g4 Bf8 44. a4 Qb7 45. a5 Bxf5 46. gxf5 Nh4 47. Qe2 Bc5 48. Be1
Qf7 49. axb6 axb6 50. Bb4 Qh5 51. Kf2 Bxb4 52. R5xb4 g4 53. fxg4 Qg5 54. Rxb6
Qf4+ 55. Ke1 h5 56. gxh5 Kg7 57. h6+ Kh8 58. Rb8 Rxb8 59. Rxb8+ Kh7 60. Kd1 Nf3
61. Kc2 Qg3 62. Rb1 Ng1 63. Qh5 1-0

[Event "Deutsche Ländermeisterschaft 2013"]
[Site "Hannover GER"]
[Date "2013.10.03"]
[Round "3"]
[White "Raum, Sebastian"]
[Black "Ott, Florian"]
[Result "1/2-1/2"]
[Termination "normal"]
[Board "2.3"]
[WhiteTitle "20"]
[BlackTitle "16"]
[WhiteElo "2147"]
[BlackElo "2086"]
[WhiteTeam "Niedersachsen 1"]
[BlackTeam "Bayern"]
[WhiteFideId "24673935"]
[BlackFideId "12900281"]
[EventCountry "GER"]
[EventRounds "7"]
[EventType "team-swiss"]
[EventDate "2013.10.02"]

1. e4 c5 2. Nf3 d6 3. d4 cxd4 4. Nxd4 Nf6 5. Nc3 a6 6. Be3 e5 7. Nb3 Be6 8. Qd2
Be7 9. O-O-O Nbd7 10. f4 b5 11. f5 Bc4 12. g4 Nxg4 13. Rg1 Ndf6 14. Be2 Bxe2
15. Qxe2 Nxe3 16. Qxe3 b4 17. Nd5 Nxd5 18. Rxd5 O-O 19. Na5 Rc8 20. b3 Kh8 21.
Nc4 f6 22. Qd2 a5 23. Nxd6 Bxd6 24. Rxd6 Qe8 25. Rd1 Rg8 26. Rd7 Qh5 27. Kb1
Qg4 28. Qd5 Qe2 29. Rd2 Qe1+ 30. Kb2 Qe3 31. Rd3 Qe2 32. Rd2 Qe3 33. Rd3 Qe2
34. Rd2 Qe3 1/2-1/2

[Event "Deutsche Ländermeisterschaft 2013"]
[Site "Hannover GER"]
[Date "2013.10.03"]
[Round "3"]
[White "Gretz, Denis"]
[Black "Düssler, Stefanie"]
[Result "1/2-1/2"]
[Termination "normal"]
[Board "2.4"]
[WhiteTitle "14"]
[BlackTitle "18w"]
[WhiteElo "1922"]
[BlackElo "2036"]
[WhiteTeam "Bayern"]
[BlackTeam "Niedersachsen 1"]
[WhiteFideId "12945188"]
[BlackFideId "4634780"]
[EventCountry "GER"]
[EventRounds "7"]
[EventType "team-swiss"]
[EventDate "2013.10.02"]

1. e4 c5 2. d4 cxd4 3. c3 Nf6 4. e5 Nd5 5. Qxd4 e6 6. Nf3 Nc6 7. Qe4 d6 8. Nbd2
Be7 9. Nc4 dxe5 10. Ncxe5 Nxe5 11. Nxe5 O-O 12. Bd3 f5 13. Qe2 Bf6 14. O-O Nxc3
15. bxc3 Bxe5 16. Qxe5 Qxd3 17. c4 Qxc4 18. Bb2 Rf7 19. Rfd1 Bd7 20. Rac1 Qe4
21. Qc5 Bc6 22. f3 Qe2 23. Qc3 Re8 24. Re1 Qa6 25. Re5 Bd5 26. Rce1 Rd8 27. a3
Qb6+ 28. Kh1 Rc7 29. Qd2 h6 30. Rxe6 Bxe6 31. Qxd8+ Kh7 32. Bd4 Qa5 33. Rg1 Bb3
34. Bxa7 Qc3 35. Bd4 Qc6 36. h3 Bd5 37. Qf8 Rf7 38. Qc5 Qxc5 39. Bxc5 g5 40.
Rd1 Rd7 41. Kg1 Kg6 42. g3 Bc6 43. Rxd7 Bxd7 44. Kg2 h5 45. Be7 Bc6 46. Kf2 g4
1/2-1/2

[Event "Deutsche Ländermeisterschaft 2013"]
[Site "Hannover GER"]
[Date "2013.10.03"]
[Round "3"]
[White "Bruns, Kai-Christian"]
[Black "Berger, Nadja"]
[Result "0-1"]
[Termination "normal"]
[Board "2.5"]
[WhiteTitle "14"]
[BlackTitle "18w"]
[WhiteElo "1806"]
[BlackElo "1780"]
[WhiteTeam "Niedersachsen 1"]
[BlackTeam "Bayern"]
[WhiteFideId "12938025"]
[BlackFideId "24692212"]
[EventCountry "GER"]
[EventRounds "7"]
[EventType "team-swiss"]
[EventDate "2013.10.02"]

1. Nf3 c5 2. g3 Nc6 3. d4 cxd4 4. Nxd4 Nf6 5. Bg2 g6 6. Nc3 Bg7 7. Nb3 d6 8.
Be3 Bd7 9. Qc1 Ng4 10. Bd2 Qc8 11. O-O h5 12. Ne4 h4 13. Bf4 Nge5 14. gxh4 Bh3
15. Bg3 Bxg2 16. Kxg2 Qf5 17. Ng5 Bh6 18. f3 f6 19. f4 fxg5 20. hxg5 Bg7 21.
fxe5 Qh3+ 22. Kg1 Bxe5 23. Bxe5 Nxe5 24. Qf4 Rh4 25. Qf2 Kd7 26. Rad1 Rg4+ 27.
Kh1 Rf8 28. Nc5+ Kc6 29. Nd3 Rxf2 30. Nxe5+ dxe5 31. Rxf2 Qe3 32. Rf3 Qxe2 33.
Rc3+ Rc4 34. Rxc4+ Qxc4 35. Rd3 Qxa2 36. Rc3+ Kd6 0-1

[Event "Deutsche Ländermeisterschaft 2013"]
[Site "Hannover GER"]
[Date "2013.10.03"]
[Round "3"]
[White "Siegl, Melina"]
[Black "Diederichs, Luise"]
[Result "1/2-1/2"]
[Termination "normal"]
[Board "2.6"]
[WhiteTitle "16w"]
[BlackTitle "16w"]
[WhiteElo "1784"]
[BlackElo "1932"]
[WhiteTeam "Bayern"]
[BlackTeam "Niedersachsen 1"]
[WhiteFideId "1272126"]
[BlackFideId "24661597"]
[EventCountry "GER"]
[EventRounds "7"]
[EventType "team-swiss"]
[EventDate "2013.10.02"]

1. e4 c5 2. Nf3 Nc6 3. b3 d6 4. Bb2 e6 5. Bb5 Bd7 6. d4 cxd4 7. Nxd4 Nxd4 8.
Bxd7+ Qxd7 9. Qxd4 Nf6 10. c4 e5 11. Qd3 Qg4 12. O-O Qxe4 13. Qd2 Be7 14. Re1
Qc6 15. f4 O-O 16. Nc3 Rad8 17. Rac1 e4 18. Nd5 Rfe8 19. f5 Nxd5 20. cxd5 Qd7
21. Rxe4 h6 22. h4 Bf6 23. Rxe8+ Rxe8 24. Bxf6 gxf6 25. Qxh6 Qxf5 26. Rf1 Qxd5
27. Rxf6 Re1+ 28. Kh2 Re2 29. Qg5+ Qxg5 30. hxg5 Re6 31. Rf5 Kg7 32. Rd5 Kf8
33. Kg3 Ke7 34. Kf3 Re1 35. Rd4 Rf1+ 36. Kg3 Rf5 37. Rg4 d5 38. g6 1/2-1/2

[Event "Deutsche Ländermeisterschaft 2013"]
[Site "Hannover GER"]
[Date "2013.10.03"]
[Round "3"]
[White "Laubrock, Paul"]
[Black "Reimann, Sebastian"]
[Result "0-1"]
[Termination "normal"]
[Board "2.7"]
[WhiteTitle "12"]
[BlackTitle "12"]
[WhiteElo "1752"]
[BlackElo "1670"]
[WhiteTeam "Niedersachsen 1"]
[BlackTeam "Bayern"]
[WhiteFideId "1270509"]
[BlackFideId "12928054"]
[EventCountry "GER"]
[EventRounds "7"]
[EventType "team-swiss"]
[EventDate "2013.10.02"]

1. e4 c5 2. Nf3 d6 3. d4 cxd4 4. Nxd4 Nf6 5. Nc3 a6 6. Bg5 e6 7. f3 Be7 8. Qd2
Qc7 9. O-O-O Nbd7 10. g4 O-O 11. h4 b5 12. h5 Bb7 13. Be3 b4 14. Nb1 d5 15. g5
Ne8 16. exd5 Bxd5 17. Bh3 Ne5 18. Bf4 Nc4 19. Bxc7 Nxd2 20. Nxd2 Nxc7 21. g6
Nb5 22. gxf7+ Kxf7 23. N2b3 Bf6 24. Rhe1 Rfe8 25. Kb1 Nxd4 26. Nxd4 Rad8 27.
Nb3 Bxf3 28. Rxd8 Rxd8 29. Bxe6+ Kf8 30. Nc5 Rd1+ 31. Rxd1 Bxd1 32. Nxa6 Be7
33. h6 gxh6 34. Kc1 Be2 35. Nc7 Bg5+ 36. Kb1 h5 37. Bh3 Kf7 38. c3 bxc3 39.
bxc3 Bg4 40. Bg2 h4 41. a4 h3 42. Bh1 Be2 43. Nb5 Be3 44. Nd6+ Ke6 45. Ne4 Bf1
46. a5 Bg2 47. Ng3 Bf2 48. Ne2 Kf5 49. Bxg2 hxg2 50. Kc2 h5 51. Kd2 h4 52. Ng1
Bxg1 53. Ke2 Bc5 0-1

[Event "Deutsche Ländermeisterschaft 2013"]
[Site "Hannover GER"]
[Date "2013.10.03"]
[Round "3"]
[White "Böse, Carolin"]
[Black "Schulze, Lara"]
[Result "1/2-1/2"]
[Termination "normal"]
[Board "2.8"]
[WhiteTitle "12w"]
[BlackTitle "12w"]
[WhiteElo "1219"]
[BlackElo "1785"]
[WhiteTeam "Bayern"]
[BlackTeam "Niedersachsen 1"]
[WhiteFideId "12929646"]
[BlackFideId "12956830"]
[EventCountry "GER"]
[EventRounds "7"]
[EventType "team-swiss"]
[EventDate "2013.10.02"]

1. e4 c5 2. Nc3 Nc6 3. d3 g6 4. g3 Bg7 5. Bg2 d6 6. Be3 Nf6 7. f3 a6 8. Nge2
O-O 9. h4 h5 10. Qd2 Kh7 11. O-O-O b5 12. d4 cxd4 13. Nxd4 Ne5 14. Qe2 Nc4 15.
Bg5 Qb6 16. b3 Na5 17. Be3 Qc7 18. Qd2 Bb7 19. Bh3 Bc8 20. Bg2 Bd7 21. Nde2 b4
22. Nd5 Nxd5 23. exd5 Rfc8 24. Nd4 Qc3 25. Qxc3 Rxc3 26. Rhe1 Rc7 27. f4 Rac8
28. Rd2 Nb7 29. Ree2 Nc5 30. Nc6 Bxc6 31. dxc6 Bc3 32. Rd1 a5 33. Bxc5 dxc5 34.
Rd7 Bf6 35. Red2 Kg7 36. Rxc7 Rxc7 37. Rd7 Rxd7 38. cxd7 e6 39. Kd2 Kf8 40. Bc6
Ke7 41. Ke3 Bd4+ 42. Kf3 Bf6 43. Bb5 Kd6 44. Ke4 Bd8 45. Kd3 Kd5 46. Ke3 Kd6
47. Ke4 1/2-1/2

[Event "Deutsche Ländermeisterschaft 2013"]
[Site "Hannover GER"]
[Date "2013.10.03"]
[Round "3"]
[White "Noe, Christopher"]
[Black "Kuckling, Hannah"]
[Result "1-0"]
[Termination "normal"]
[Board "3.1"]
[WhiteTitle "18"]
[BlackTitle "18w"]
[WhiteElo "2255"]
[BlackElo "1953"]
[WhiteTeam "Baden"]
[BlackTeam "Nordrhein-Westfalen"]
[WhiteFideId "24692018"]
[BlackFideId "24603660"]
[EventCountry "GER"]
[EventRounds "7"]
[EventType "team-swiss"]
[EventDate "2013.10.02"]

1. Nf3 Nf6 2. c4 g6 3. d4 Bg7 4. Nc3 O-O 5. Bf4 d6 6. h3 Nbd7 7. e3 Re8 8. Be2
Nh5 9. Bh2 f5 10. g4 fxg4 11. hxg4 Nhf6 12. Nd2 Nf8 13. Rg1 N6d7 14. Qc2 c5 15.
d5 a6 16. f4 e6 17. O-O-O exd5 18. Nxd5 b5 19. Ne4 Nb6 20. Nxb6 Qxb6 21. Rxd6
Qa5 22. Kb1 Kh8 23. f5 gxf5 24. Ng5 Ra7 25. gxf5 Rxe3 26. f6 Bh6 27. Bf4 Qc7
28. f7 Bg7 29. Rh1 Bh3 30. Nxh3 Qb7 31. Rdd1 Rxh3 32. Rxh3 Qxf7 33. Bh6 Qe6 34.
Rdh1 Re7 35. Bxg7+ Kxg7 36. Bd3 b4 37. Qf2 Qe5 38. Rg1+ Ng6 39. Qh4 1-0

[Event "Deutsche Ländermeisterschaft 2013"]
[Site "Hannover GER"]
[Date "2013.10.03"]
[Round "3"]
[White "Schröder, Kevin"]
[Black "Becker, Matthias"]
[Result "1-0"]
[Termination "normal"]
[Board "3.2"]
[WhiteTitle "14"]
[BlackTitle "18"]
[WhiteElo "2063"]
[BlackElo "2152"]
[WhiteTeam "Nordrhein-Westfalen"]
[BlackTeam "Baden"]
[WhiteFideId "12929840"]
[BlackFideId "12915564"]
[EventCountry "GER"]
[EventRounds "7"]
[EventType "team-swiss"]
[EventDate "2013.10.02"]

1. e4 e6 2. d4 d5 3. Nc3 Bb4 4. a3 Bxc3+ 5. bxc3 dxe4 6. Qg4 Nf6 7. Qxg7 Rg8 8.
Qh6 Rg6 9. Qd2 Bd7 10. Ne2 Bc6 11. c4 Nbd7 12. Nf4 Rg8 13. a4 Nf8 14. Bb2 Ng6
15. O-O-O Nxf4 16. Qxf4 Nh5 17. Qe3 Qg5 18. d5 exd5 19. cxd5 Bxd5 20. Qxg5 Rxg5
21. h4 Rf5 22. g4 Rxf2 23. gxh5 O-O-O 24. Bh3+ Be6 25. Rxd8+ Kxd8 26. Bd4 Rf4
27. Be3 Rf3 28. Bxe6 fxe6 29. Bg5+ Kd7 30. Re1 Kd6 31. Rxe4 e5 32. Kd2 Kd5 33.
Re3 Rf2+ 34. Kd3 Rf1 35. Bd8 c5 36. Bc7 c4+ 37. Kc3 e4 38. Rg3 Rf3+ 39. Rxf3
exf3 40. Bg3 a6 41. Bf2 b5 42. axb5 axb5 43. Kb4 1-0

[Event "Deutsche Ländermeisterschaft 2013"]
[Site "Hannover GER"]
[Date "2013.10.03"]
[Round "3"]
[White "Riehle, Marco"]
[Black "Meyers, Mark"]
[Result "0-1"]
[Termination "normal"]
[Board "3.3"]
[WhiteTitle "14"]
[BlackTitle "16"]
[WhiteElo "1847"]
[BlackElo "1916"]
[WhiteTeam "Baden"]
[BlackTeam "Nordrhein-Westfalen"]
[WhiteFideId "12904392"]
[BlackFideId "12927716"]
[EventCountry "GER"]
[EventRounds "7"]
[EventType "team-swiss"]
[EventDate "2013.10.02"]

1. e4 c5 2. Nf3 e6 3. d4 cxd4 4. Nxd4 a6 5. c4 Nf6 6. f3 Qc7 7. Be3 Nc6 8. Be2
Bc5 9. Nc2 d6 10. Nc3 O-O 11. Qd2 e5 12. Nd5 Nxd5 13. cxd5 Bxe3 14. Qxe3 Ne7
15. Rc1 Ng6 16. O-O Qe7 17. g3 f5 18. Qa3 f4 19. g4 h5 20. gxh5 Bh3 21. hxg6
Qg5+ 22. Kf2 Qh4+ 23. Kg1 Rf6 24. Ne1 Rxg6+ 25. Kh1 Rh6 26. Kg1 Bxf1 27. Kxf1
Qxh2 28. Bc4 Rg6 29. Ng2 Rxg2 30. Ke1 Rd2 0-1

[Event "Deutsche Ländermeisterschaft 2013"]
[Site "Hannover GER"]
[Date "2013.10.03"]
[Round "3"]
[White "Sabirov, Ramil"]
[Black "Steimbach, Isabel"]
[Result "1-0"]
[Termination "normal"]
[Board "3.4"]
[WhiteTitle "16"]
[BlackTitle "18w"]
[WhiteElo "1887"]
[BlackElo "1778"]
[WhiteTeam "Nordrhein-Westfalen"]
[BlackTeam "Baden"]
[WhiteFideId "12900303"]
[BlackFideId "24692174"]
[EventCountry "GER"]
[EventRounds "7"]
[EventType "team-swiss"]
[EventDate "2013.10.02"]

1. Nf3 Nf6 2. c4 e6 3. g3 d5 4. Bg2 Be7 5. O-O O-O 6. b3 b6 7. Bb2 Bb7 8. e3
Na6 9. Ne5 c5 10. Nc3 Nb4 11. Ne2 Qc7 12. a3 Nc6 13. Nxc6 Bxc6 14. cxd5 exd5
15. Rc1 Qb7 16. d4 c4 17. bxc4 dxc4 18. Bxc6 Qxc6 19. Nf4 Rfd8 20. Re1 Ne4 21.
d5 Qb5 22. Qc2 Ng5 23. Kg2 h6 24. e4 Rac8 25. Qc3 Bf8 26. h4 Nh7 27. Nh5 f6 28.
Nf4 Qb3 29. Qxb3 cxb3 30. Ne6 Re8 31. Nd4 Rxc1 32. Bxc1 Rc8 33. Nc6 a5 34. a4
Bc5 35. Be3 Kf7 36. Kf3 Nf8 37. Rb1 Nd7 38. Rxb3 Ne5+ 39. Nxe5+ fxe5 40. Rc3
Ke7 41. Ke2 Kd7 42. f4 Re8 43. Kd3 Bxe3 44. Kxe3 exf4+ 45. gxf4 Rb8 46. Rb3 Rc8
47. Rxb6 Rc3+ 48. Kd4 Ra3 49. Ke5 Rxa4 50. Rb7+ Kd8 51. Rxg7 1-0